Descifrando la ocasión: prosas breves

Enregistré dans:
Détails bibliographiques
Auteur principal: Cordua, Carla (autora)
Format: Livre
Langue:espagnol
Publié: Santiago Catalonia 2010
Édition:1a. ed
Sujets:
Tags: Ajouter un tag
Pas de tags, Soyez le premier à ajouter un tag!

MARC

LEADER 00000cam a2200000 a 4500
001 UCF2071
003 CL-VaPUC
008 120810e20100000CL |||||||||||||||||spa|d
020 |a 9789563240498 
082 0 4 |a Ch863  |b COR  |2 21 
100 |a Cordua, Carla  |e autora   |9 463251 
245 1 0 |a Descifrando la ocasión: prosas breves 
250 |a 1a. ed 
300 |a 159 p 
942 |c BK 
945 |d 20120810 00:00:00  |a cmena 
260 |a Santiago  |b Catalonia  |c 2010 
650 0 |a Prosas chilenas   |9 316104 
650 0 |a Literatura chilena   |9 308278 
583 |a last modification  |c 20120810 11:35:00  |k Rodrigo Vera 
999 |c 348739  |d 348737 
952 |0 0  |1 0  |4 0  |6 CH_863_000000000000000_COR_2010  |7 0  |8 A  |9 450895  |a FDOPOS  |b FDOPOS  |d 2019-11-22  |i 4814150  |o Ch863 COR 2010  |p 4814150  |r 2025-01-22  |w 2019-11-22  |y BK  |k DLH